|
|
|
|
| LEADER |
00000nam a2200000Ii 4500 |
| 001 |
DIGOLEJNK0114 |
| 003 |
NyNyDIG |
| 006 |
m o d |
| 007 |
cr ||||||||||| |
| 008 |
220529s2021 cl o 000 0 spa d |
| 035 |
|
|
|a (OCoLC)1335131129
|
| 040 |
|
|
|a DGITA
|b eng
|e rda
|e pn
|c DGITA
|
| 020 |
|
|
|z 9789567799480
|
| 043 |
|
|
|a n-us---
|
| 050 |
1 |
4 |
|a KF213 ebook
|
| 100 |
1 |
|
|a Wyzanski, Charles E.,
|c Jr.
|q (Charles Edward),
|d 1906-1986,
|e author.
|
| 245 |
1 |
0 |
|a Reflexiones de un juez :
|b la función judicial, la ética y el derecho /
|c Charles E. Wyzanski, JR. ; edición al cuidado de Carlos Antonio Agurto Gonzáles, Sonia Lidia Quequejana Mamani, Benigno Choque Cuenca ; traducción de Margarita Alvarez Franco.
|
| 264 |
|
1 |
|a Santiago, Chile :
|b Ediciones Olejnik,
|c [2021]
|
| 300 |
|
|
|a 1 online resource.
|
| 336 |
|
|
|a text
|b txt
|2 rdacontent
|
| 337 |
|
|
|a computer
|b c
|2 rdamedia
|
| 338 |
|
|
|a online resource
|b cr
|2 rdacarrier
|
| 347 |
|
|
|a text file
|2 rdaft
|
| 347 |
|
|
|b PDF
|
| 490 |
1 |
|
|a Biblioteca de derecho procesal
|
| 588 |
0 |
|
|a Online resource; title from PDF title page (Digitalia, viewed May 29, 2022)
|
| 650 |
|
0 |
|a Law
|z United States.
|
| 650 |
|
0 |
|a Judges
|z United States.
|
| 650 |
|
0 |
|a Justice, Administration of
|z United States.
|
| 655 |
|
0 |
|a Electronic books.
|
| 700 |
1 |
|
|a Agurto Gonzáles, Carlos Antonio,
|e editor.
|
| 700 |
1 |
|
|a Quequejana Mamani, Sonia Lidia,
|e editor.
|
| 700 |
1 |
|
|a Choque Cuenca, Benigno,
|e editor.
|
| 700 |
1 |
|
|a Alvarez Franco, Margarita,
|e translator.
|
| 791 |
2 |
|
|a Digitalia (Firm),
|e distributor.
|
| 793 |
0 |
|
|g Digitalia eBook Collection:
|a Ediciones Olejnik
|
| 776 |
0 |
8 |
|i Print version:
|a Wyzanski, Charles E., Jr. (Charles Edward), 1906-1986.
|t Reflexiones de un juez.
|b Primera edición en Ediciones Olejnik.
|d Santiago, Chile : Ediciones Olejnik, 2021
|z 9789567799480
|
| 830 |
|
0 |
|a Biblioteca de derecho procesal (Ediciones Olejnik)
|
| 856 |
4 |
0 |
|3 Digitalia Hispánica
|u https://www.digitaliapublishing.com/a/104289/
|
| 910 |
|
|
|a Premium collection: 2022
|